[Event "Kragero Resort A 2020"]
[Site "Kragero"]
[Date "2020.02.21"]
[Round "5.11"]
[White "Khachatryan, Vahagn"]
[Black "Hammer, Jon Ludvig"]
[Result "0-1"]
[WhiteElo "2276"]
[BlackElo "2628"]
[Annotator "TA"]
[PlyCount "108"]
[EventDate "2020.02.19"]
[EventType "swiss"]
[EventCountry "NOR"]
[SourceTitle "playchess.com"]
[Source "ChessBase"]
[SourceQuality "1"]

{[%evp 10,108,21,21,23,16,37,12,28,29,14,15,21,14,34,8,15,6,4,9,8,6,10,6,8,10,12,10,4,0,0,0,0,0,2,0,2,0,0,-14,-7,-10,-8,-10,-5,-9,-6,-20,-5,-6,-12,-48,-9,-25,0,-86,-100,-85,-72,-150,-163,-158,-157,-394,-394,-352,-324,-758,-667,-808,-893,-1780,-1739,-12838,-12839,-12841,-12842,-12842,-12843,-12844,-12841,-12845,-12845,-12845,-12845,-12846,-12846,-12850,-12850,-12850,-27999,-12851,-27999,-12851,-29981,-12851,-29982,-12851,-29983,-12851,-27999]} 1. e4 e6 2. d4 d5 3. Nd2 c5 4. exd5 Qxd5 5. Ngf3 cxd4 6. Bc4 Qd7 $1 {[%mdl 4] now scores much better than the old 6...Qd6. Played by Ian Nepomniachtchi in December 2019. C07: French Tarrasch: 3...c5, 4 Ngf3 and 4 exd5 Qxd5.} 7. O-O a6 8. Nb3 Nc6 {The position is equal.} 9. Nbxd4 Nxd4 10. Qxd4 Qxd4 11. Nxd4 Bd7 12. Be3 Nf6 13. Rfd1 Rc8 14. Bb3 Bc5 {[#]} 15. c3 $146 ({Predecessor:} 15. Bg5 Ne4 16. Bh4 g5 17. Bg3 h5 18. Nf3 h4 19. Be5 Bxf2+ 20. Kf1 Bb5+ 21. Rd3 {0-1 (37) Hackett,D-Levitt,J (2295) Torquay/ Devon 1982}) 15... Ke7 16. Re1 Rhd8 17. Nf5+ (17. f3 {is interesting.} Kf8 18. Bf2 b5 19. a3 a5 20. Rac1) 17... Kf8 18. Bxc5+ Rxc5 19. Ne3 Be8 20. Rad1 Rxd1 21. Rxd1 Ke7 22. Rd4 g5 23. h4 h6 24. hxg5 hxg5 25. f3 Nd7 26. Kf2 b5 27. a3 f5 28. Ke2 f4 {White must now prevent ...Re5.} 29. Ng4 Bg6 30. Kd1 Nb6 (30... e5 $5 {[%cal Re5d4]} 31. Rd2 e4 $11) 31. Nf2 e5 32. Nd3 (32. Rd2 $11) 32... Bxd3 $17 33. Rxd3 Nc4 34. Bxc4 (34. Kc1 $142) 34... bxc4 {[%mdl 4096] Endgame KR-KR} 35. Rd2 {[#]} Ke6 $1 36. Kc2 $2 {[#] White does not recover from this.} (36. Re2 $17 {was called for.}) 36... e4 $1 $19 {[%cal Re4e3][%mdl 512]} 37. fxe4 Ke5 38. b4 $2 (38. Kd1 Kxe4 39. Ke2) 38... cxb3+ $1 39. Kxb3 Kxe4 40. c4 g4 41. Kb4 Rf5 42. c5 f3 43. gxf3+ gxf3 44. Rf2 Rf6 45. Kc4 Ke3 46. Rf1 Ke2 47. Rb1 f2 48. Kd5 f1=Q 49. Rxf1 Rxf1 {KR-KPP} 50. c6 Rc1 51. a4 a5 52. Kd6 Kd3 53. c7 Rc3 54. Kd7 Kc2 {Accuracy: White = 63%, Black = 95%.} 0-1

[Event "Kragero Resort A 2020"]
[Site "Kragero"]
[Date "2020.02.21"]
[Round "5.12"]
[White "Storme, Isak"]
[Black "Moiseenko, Vadim"]
[Result "0-1"]
[WhiteElo "2314"]
[BlackElo "2550"]
[Annotator "TA"]
[PlyCount "68"]
[EventDate "2020.02.19"]
[EventType "swiss"]
[EventCountry "NOR"]
[SourceTitle "playchess.com"]
[Source "ChessBase"]
[SourceQuality "1"]

{[%evp 15,68,8,33,46,29,25,12,0,12,1,0,12,12,0,50,24,31,0,0,0,0,0,0,0,10,-90,-84,-85,-82,-91,-83,-69,-12,-18,-18,-18,-12,-11,-12,-8,-8,-8,0,0,0,-274,-268,-245,-213,-483,-482,-468,-454,-393,-316]} 1. d4 Nf6 2. c4 e6 3. Nf3 d5 4. g3 Bb4+ 5. Bd2 a5 6. Bg2 O-O 7. O-O dxc4 8. Qc2 b6 9. Bg5 {E11: Bogo-Indian.} Bb7 10. Qxc4 Nbd7 {[#]} 11. Qc2 $146 {The position is equal.} ({Predecessor:} 11. Ne5 Bxg2 12. Kxg2 Nxe5 13. dxe5 Qd5+ 14. Qxd5 Nxd5 15. e4 Ne7 16. Rc1 Ng6 17. Rxc7 {0-1 (38) Kezin,R (2455)-Khismatullin,D (2628) Sochi 2017}) 11... Rc8 12. a3 Bd6 13. Nc3 c5 14. Rfd1 Qe8 15. Rac1 h6 16. dxc5 (16. Bxf6 $5 Nxf6 17. dxc5 Bxc5 18. Ne5 $11) 16... Bxc5 17. Bxf6 Nxf6 18. Ne5 Bxg2 19. Kxg2 Qe7 20. Qd3 {[#]} (20. e4 $11 {keeps the balance.}) 20... Bxf2 $1 $17 {[%mdl 512]} 21. Qf3 (21. Kxf2 Qc5+) 21... Bc5 22. b4 axb4 23. axb4 Bxb4 (23... Qc7 $15 24. bxc5 Qxe5 25. cxb6 Rc4) 24. Nc6 $11 {[#]} Rxc6 $1 25. Qxc6 Ng4 {...Ne3+ is the strong threat.} 26. Qf3 $1 {[%cal Rf3g4]} f5 {White must now prevent ...Bc5.} 27. h3 Ne5 {[%cal Bg4e5,Be5c4,Bc4b2][%mdl 32]} 28. Qe3 Nc4 29. Qd4 Nb2 $36 {[%mdl 2048] White is under pressure.} 30. Nd5 $2 {[%mdl 8192]} (30. Rd2 $11) 30... exd5 $19 {[%mdl 64] Discovered Attack} 31. Qxb2 Ba3 {[%mdl 64] Skewer} 32. Qd4 $2 (32. Qd2 Bxc1 33. Rxc1) 32... Qxe2+ 33. Kg1 Bxc1 34. Rxc1 Qe6 {Accuracy: White = 70%, Black = 91%.} 0-1

[Event "Kragero Resort A 2020"]
[Site "Kragero"]
[Date "2020.02.21"]
[Round "5.13"]
[White "Vrolijk, Liam"]
[Black "Stanford, Maxim Barth"]
[Result "1-0"]
[WhiteElo "2501"]
[BlackElo "2339"]
[Annotator "RC"]
[PlyCount "99"]
[EventDate "2020.02.19"]
[EventType "swiss"]
[EventCountry "NOR"]
[SourceTitle "playchess.com"]
[Source "ChessBase"]
[SourceQuality "1"]
[TimeControl "5400+30"]

1. d4 {[%emt 0:01:12]} Nf6 {[%emt 0:00:00]} 2. c4 {[%emt 0:00:08]} e6 {[%emt 0:00:04]} 3. Nf3 {[%emt 0:00:07]} b6 {[%emt 0:00:18]} 4. g3 {[%emt 0:00:48]} Ba6 {[%emt 0:00:16]} 5. Qc2 {[%emt 0:01:45]} Bb4+ {[%emt 0:00:54]} 6. Bd2 {[%emt 0:02:12]} Qe7 {[%emt 0:04:02]} 7. e4 {[%emt 0:04:43]} Bb7 {[%emt 0:03:00]} 8. Bd3 {[%emt 0:01:13]} Nc6 {[%emt 0:08:50]} 9. a3 {[%emt 0:03:56]} Bxd2+ {[%emt 0:00:24]} 10. Nbxd2 {[%emt 0:00:36]} e5 {[%emt 0:02:34]} 11. d5 {[%emt 0:01:47]} Nd8 {[%emt 0:03:20]} 12. O-O {[%emt 0:06:25]} d6 {[%emt 0:02:31]} 13. b4 {[%emt 0:01:39]} c5 {[%emt 0:04:22]} 14. bxc5 {[%emt 0:04:42]} bxc5 {[%emt 0:03:03]} 15. Rab1 {[%emt 0:00:31]} Bc8 {[%emt 0:02:52]} 16. Qa4+ {[%emt 0:18:37]} Bd7 {[%emt 0:01:09]} 17. Qa5 {[%emt 0:00:38]} Bh3 {[%emt 0:00:59]} 18. Rfe1 {[%emt 0:00:15]} O-O {[%emt 0:00:39]} 19. Rb2 {[%emt 0:00:52]} Nh5 {[%emt 0:10:09]} 20. Reb1 {[%emt 0:04:27]} Rc8 {[%emt 0:10:53]} 21. Qa6 {[%emt 0:08:28]} g6 {[%emt 0:16:21]} 22. Rb8 {[%emt 0:04:52]} Rc7 {[%emt 0:00:59]} 23. Bf1 {[%emt 0:03:23]} Bxf1 {[%emt 0:01:35]} 24. Kxf1 {[%emt 0:01:23]} f5 {[%emt 0:00:30]} 25. R1b3 {[%emt 0:02:04]} Nf6 {[%emt 0:05:22]} 26. exf5 {[%emt 0:02:00]} gxf5 {[%emt 0:00:19]} 27. Nh4 {[%emt 0:01:51]} Ne4 {[%emt 0:01:45]} 28. Ndf3 {[%emt 0:02:19]} Qf6 {[%emt 0:03:45]} 29. Rc8 {[%emt 0:02:45]} Rd7 {[%emt 0:04:50]} 30. Qa4 {[%emt 0:00:52]} Rdf7 {[%emt 0:01:03]} 31. Qa5 {[%emt 0:04:39]} f4 {[%emt 0:01:03]} 32. g4 {[%emt 0:01:10]} Ng5 {[%emt 0:02:43]} 33. Nxg5 {[%emt 0:01:17]} Qxg5 {[%emt 0:00:07]} 34. Nf5 {[%emt 0:03:03]} e4 {[%emt 0:02:21]} 35. h4 {[%emt 0:03:30]} Qf6 {[%emt 0:01:06]} 36. Qd2 {[%emt 0:01:36]} e3 {[%emt 0:02:44]} 37. fxe3 {[%emt 0:00:44]} h5 {[%emt 0:00:33]} 38. e4 {[%emt 0:01:05]} Qa1+ {[%emt 0:00:48]} 39. Qe1 {[%emt 0:01:14]} Qa2 {[%emt 0:00:04]} 40. Rf3 {[%emt 0:00:33]} hxg4 {[%emt 0:00:58]} 41. Rxf4 {[%emt 0:00:34]} Qxc4+ {[%emt 0:00:04]} 42. Kg2 {[%emt 0:00:37]} Kh7 {[%emt 0:00:03]} 43. Qe3 {[%emt 0:00:59]} Rf6 {[%emt 0:01:28]} 44. Kg3 {[%emt 0:00:55]} Qa6 {[%emt 0:00:27]} 45. Rc7+ {[%emt 0:00:22]} R8f7 {[%emt 0:00:05]} 46. Rxf7+ {[%emt 0:00:47]} Nxf7 {[%emt 0:00:03]} 47. Rxg4 {[%emt 0:00:34]} Rg6 {[%emt 0:01:04]} 48. Rxg6 {[%emt 0:00:43]} Kxg6 {[%emt 0:00:01]} 49. Kf2 {[%emt 0:00:24]} Kh7 {[%emt 0:01:28]} 50. Qg3 {[%emt 0:00:11]} 1-0

[Event "Kragero Resort A 2020"]
[Site "Kragero"]
[Date "2020.02.21"]
[Round "5.14"]
[White "Castellanos Rodriguez, Renier"]
[Black "Radeva, Viktoria"]
[Result "1-0"]
[WhiteElo "2481"]
[BlackElo "2320"]
[Annotator "TA"]
[PlyCount "77"]
[EventDate "2020.02.19"]
[EventType "swiss"]
[EventCountry "NOR"]
[SourceTitle "playchess.com"]
[Source "ChessBase"]
[SourceQuality "1"]

{[%evp 25,77,61,71,70,73,58,76,73,77,81,72,32,77,59,91,91,91,69,66,64,68,67,126,117,120,30,123,90,118,92,116,27,29,43,26,34,35,24,29,11,18,-13,0,-59,65,64,207,192,710,714,1099,1073,1056,1001]} 1. e4 c5 2. Nf3 e6 3. d4 cxd4 4. Nxd4 a6 5. Bd3 Nf6 6. O-O Qc7 7. Qe2 d6 8. c4 g6 9. Nc3 Bg7 10. Be3 O-O 11. Rac1 Nbd7 12. Rfd1 b6 13. f3 Bb7 14. Qd2 {B42: Sicilian: Kan Variation: 5 Bd3.} Rac8 15. Bf1 Rfd8 16. b4 {White is better.} Qb8 17. Nb3 Bf8 {[#]} 18. Kh1 $146 ({Predecessor:} 18. a3 Bc6 19. Bg5 Re8 20. Be2 Nh5 21. Bh6 Bxh6 22. Qxh6 e5 23. Qd2 Re6 24. Bf1 {1-0 (42) Hart,T (2023)-Stringer,I (2085) ICCF email 2019}) 18... Bc6 19. Qf2 Ba8 20. Na4 $36 {[%cal Ra4b6][%mdl 2048] White is on the roll.} Rc6 21. b5 (21. a3 {is interesting.} Re8 22. Kg1 Bg7 23. Re1 Rd8 24. h4) 21... axb5 22. cxb5 Rxc1 23. Rxc1 {[%cal Ra4b6]} Nc5 (23... d5 $1 $14) 24. Naxc5 $16 dxc5 25. Nd2 ({White should play} 25. Qh4 $16 Be7 26. a4) 25... Bg7 (25... Nd7 $1 $11 {keeps the balance.}) 26. Nc4 Nd7 27. Bg5 Bd4 28. Qg3 (28. Qh4 $16 Re8 29. a4) 28... Qxg3 $11 29. hxg3 f6 30. Bf4 e5 31. Bd2 f5 32. exf5 gxf5 33. a4 e4 34. f4 (34. fxe4 $11 Bxe4 35. a5) 34... Rf8 (34... Kf7 $15) 35. Be3 $14 Rf6 {[#] Loses the game.} (35... Bd5 $14) 36. Rd1 $1 $18 Bxe3 $2 (36... Kf7 37. Bxd4 cxd4) 37. Nxe3 {White is clearly winning.} Nf8 38. Rd8 Bb7 39. Rb8 {Accuracy: White = 66%, Black = 48%.} 1-0

[Event "Kragero Resort A 2020"]
[Site "Kragero"]
[Date "2020.02.21"]
[Round "5.15"]
[White "Kaasen, Tor Fredrik"]
[Black "Ranaldi, Lucas"]
[Result "1-0"]
[WhiteElo "2393"]
[BlackElo "2302"]
[Annotator "ChessBase"]
[PlyCount "87"]
[EventDate "2020.02.19"]
[EventType "swiss"]
[EventCountry "NOR"]
[SourceTitle "playchess.com"]
[Source "ChessBase"]
[SourceQuality "1"]
[TimeControl "5400+30"]

1. d4 {[%emt 0:03:18]} Nf6 {[%emt 0:00:00]} 2. c4 {[%emt 0:00:17]} e6 {[%emt 0:00:00]} 3. Nf3 {[%emt 0:00:15]} b6 {[%emt 0:00:00]} 4. g3 {[%emt 0:01:40]} Bb7 {[%emt 0:00:00]} 5. Bg2 {[%emt 0:00:12]} Be7 {[%emt 0:00:01]} 6. O-O {[%emt 0:00:57]} O-O {[%emt 0:00:15]} 7. Nc3 {[%emt 0:00:11]} Ne4 {[%emt 0:00:06]} 8. Bd2 {[%emt 0:00:32]} f5 {[%emt 0:00:09]} 9. Qc2 {[%emt 0:00:20]} Bf6 {[%emt 0:01:15]} 10. Rad1 {[%emt 0:01:05]} d6 {[%emt 0:08:38]} 11. Ne1 {[%emt 0:02:15]} Nxc3 {[%emt 0:01:58]} 12. Bxc3 {[%emt 0:00:58]} Bxg2 {[%emt 0:03:49]} 13. Nxg2 {[%emt 0:02:39]} Nd7 {[%emt 0:04:16]} 14. Rfe1 {[%emt 0:05:27]} Re8 {[%emt 0:10:13]} 15. e4 {[%emt 0:10:49]} fxe4 {[%emt 0:01:16]} 16. Rxe4 {[%emt 0:05:04]} e5 {[%emt 0:02:17]} 17. Rde1 {[%emt 0:01:32]} Rf8 {[%emt 0:03:22]} 18. dxe5 {[%emt 0:06:48]} Bxe5 {[%emt 0:00:39]} 19. f4 {[%emt 0:04:18]} Bxc3 {[%emt 0:04:53]} 20. Qxc3 {[%emt 0:01:03]} Nf6 {[%emt 0:24:10]} 21. Re7 {[%emt 0:02:39]} Re8 {[%emt 0:01:48]} 22. Rxe8+ {[%emt 0:01:06]} Nxe8 {[%emt 0:00:02]} 23. Ne3 {[%emt 0:00:15]} Nf6 {[%emt 0:01:35]} 24. Nd5 {[%emt 0:09:49]} Nxd5 {[%emt 0:01:50]} 25. cxd5 {[%emt 0:01:23]} Qd7 {[%emt 0:00:15]} 26. Re6 {[%emt 0:00:43]} Re8 {[%emt 0:01:46]} 27. f5 {[%emt 0:02:07]} Rxe6 {[%emt 0:21:02]} 28. fxe6 {[%emt 0:03:49]} Qa4 {[%emt 0:03:23]} 29. Qf3 {[%emt 0:04:18]} Qe8 {[%emt 0:00:24]} 30. b4 {[%emt 0:01:52]} h6 {[%emt 0:02:30]} 31. b5 {[%emt 0:06:30]} Qe7 {[%emt 0:00:13]} 32. h4 {[%emt 0:00:23]} Qe8 {[%emt 0:00:13]} 33. Qf5 {[%emt 0:01:59]} Qe7 {[%emt 0:00:32]} 34. Kh2 {[%emt 0:00:46]} Qe8 {[%emt 0:00:23]} 35. a4 {[%emt 0:00:25]} Qe7 {[%emt 0:00:54]} 36. Kh3 {[%emt 0:00:11]} Qe8 {[%emt 0:00:45]} 37. g4 {[%emt 0:00:23]} Qe7 {[%emt 0:00:51]} 38. g5 {[%emt 0:00:59]} hxg5 {[%emt 0:00:41]} 39. hxg5 {[%emt 0:00:28]} Qf8 {[%emt 0:02:29]} 40. Kg4 {[%emt 0:00:14]} Qe8 {[%emt 0:00:23]} 41. g6 {[%emt 0:00:41]} Qd8 {[%emt 0:00:40]} 42. Qf7+ {[%emt 0:00:17]} Kh8 {[%emt 0:00:03]} 43. e7 {[%emt 0:00:10]} Qd7+ {[%emt 0:00:16]} 44. Kg3 {[%emt 0:00:09]} 1-0

[Event "Kragero Resort A 2020"]
[Site "Kragero"]
[Date "2020.02.21"]
[Round "5.16"]
[White "Holleland, Sigve"]
[Black "Sriram, Jha"]
[Result "1-0"]
[WhiteElo "2076"]
[BlackElo "2383"]
[Annotator "ChessBase"]
[PlyCount "119"]
[EventDate "2020.02.19"]
[EventType "swiss"]
[EventCountry "NOR"]
[SourceTitle "playchess.com"]
[Source "ChessBase"]
[SourceQuality "1"]
[TimeControl "5400+30"]

1. d4 {[%emt 0:00:00]} g6 {[%emt 0:03:10]} 2. c4 {[%emt 0:00:00]} Bg7 {[%emt 0:00:08]} 3. Nc3 {[%emt 0:00:01]} d6 {[%emt 0:00:14]} 4. e4 {[%emt 0:00:17]} Nc6 {[%emt 0:03:23]} 5. Nge2 {[%emt 0:03:24]} e5 {[%emt 0:00:46]} 6. d5 {[%emt 0:00:23]} Nce7 {[%emt 0:00:09]} 7. h4 {[%emt 0:05:13]} f5 {[%emt 0:26:38]} 8. h5 {[%emt 0:01:28]} f4 {[%emt 0:00:26]} 9. hxg6 {[%emt 0:03:48]} hxg6 {[%emt 0:00:33]} 10. Rxh8 {[%emt 0:00:11]} Bxh8 {[%emt 0:00:01]} 11. g3 {[%emt 0:03:26]} fxg3 {[%emt 0:04:24]} 12. Nxg3 {[%emt 0:00:15]} Nf6 {[%emt 0:00:10]} 13. Bg5 {[%emt 0:02:00]} Bg4 {[%emt 0:06:14]} 14. f3 {[%emt 0:02:49]} Bd7 {[%emt 0:00:41]} 15. Qd2 {[%emt 0:01:20]} Kf7 {[%emt 0:02:16]} 16. O-O-O {[%emt 0:02:55]} Bg7 {[%emt 0:02:55]} 17. f4 {[%emt 0:05:34]} Nh7 {[%emt 0:02:43]} 18. Be2 {[%emt 0:16:21]} Nxg5 {[%emt 0:06:03]} 19. fxg5 {[%emt 0:00:09]} Bh3 {[%emt 0:00:05]} 20. Qe3 {[%emt 0:06:12]} Qd7 {[%emt 0:00:24]} 21. Qf2+ {[%emt 0:02:08]} Kg8 {[%emt 0:13:14]} 22. Rh1 {[%emt 0:03:00]} Bg4 {[%emt 0:00:29]} 23. Qh2 {[%emt 0:00:51]} Bxe2 {[%emt 0:00:31]} 24. Ncxe2 {[%emt 0:02:34]} Rf8 {[%emt 0:11:29]} 25. Qh7+ {[%emt 0:02:50]} Kf7 {[%emt 0:00:27]} 26. Rf1+ {[%emt 0:00:48]} Ke8 {[%emt 0:00:01]} 27. Qxg7 {[%emt 0:00:39]} Rxf1+ {[%emt 0:00:04]} 28. Nxf1 {[%emt 0:00:16]} Qg4 {[%emt 0:00:09]} 29. Nfg3 {[%emt 0:02:58]} Qxg5+ {[%emt 0:00:05]} 30. Kc2 {[%emt 0:00:55]} Qh4 {[%emt 0:00:14]} 31. c5 {[%emt 0:02:40]} a6 {[%emt 0:02:12]} 32. cxd6 {[%emt 0:04:40]} cxd6 {[%emt 0:00:01]} 33. a4 {[%emt 0:02:04]} b5 {[%emt 0:00:13]} 34. axb5 {[%emt 0:00:23]} axb5 {[%emt 0:00:01]} 35. Kb3 {[%emt 0:00:57]} Qh3 {[%emt 0:11:34]} 36. Qf6 {[%emt 0:02:56]} Qd7 {[%emt 0:00:02]} 37. Nc3 {[%emt 0:05:46]} Qg4 {[%emt 0:00:43]} 38. Qf2 {[%emt 0:02:14]} Qf4 {[%emt 0:01:43]} 39. Qxf4 {[%emt 0:03:58]} exf4 {[%emt 0:00:01]} 40. Nge2 {[%emt 0:00:34]} g5 {[%emt 0:00:13]} 41. Nxb5 {[%emt 0:00:13]} Kd7 {[%emt 0:01:37]} 42. Nbd4 {[%emt 0:00:51]} Ng6 {[%emt 0:01:38]} 43. Kc3 {[%emt 0:00:55]} g4 {[%emt 0:00:22]} 44. Ne6 {[%emt 0:01:57]} f3 {[%emt 0:00:22]} 45. Ng3 {[%emt 0:00:11]} Ne5 {[%emt 0:01:37]} 46. Kd4 {[%emt 0:01:37]} Kc8 {[%emt 0:00:12]} 47. Nf4 {[%emt 0:00:42]} Kc7 {[%emt 0:00:58]} 48. Nd3 {[%emt 0:00:22]} Ng6 {[%emt 0:00:49]} 49. Ke3 {[%emt 0:01:32]} Kb6 {[%emt 0:00:02]} 50. b3 {[%emt 0:01:13]} Kc7 {[%emt 0:00:28]} 51. Nf2 {[%emt 0:00:24]} Ne5 {[%emt 0:00:19]} 52. Kf4 {[%emt 0:00:19]} Kb6 {[%emt 0:00:10]} 53. Nxg4 {[%emt 0:01:18]} Nd3+ {[%emt 0:00:07]} 54. Kxf3 {[%emt 0:00:38]} Nc5 {[%emt 0:01:49]} 55. Nf5 {[%emt 0:00:46]} Nxb3 {[%emt 0:00:12]} 56. Nxd6 {[%emt 0:00:48]} Kc5 {[%emt 0:00:07]} 57. Nf5 {[%emt 0:00:20]} Nd2+ {[%emt 0:00:26]} 58. Kf4 {[%emt 0:00:26]} Nc4 {[%emt 0:00:15]} 59. Ne5 {[%emt 0:00:48]} Nb6 {[%emt 0:00:23]} 60. d6 {[%emt 0:00:29]} 1-0

[Event "Kragero Resort A 2020"]
[Site "Kragero"]
[Date "2020.02.21"]
[Round "5.17"]
[White "Ingebretsen, Jens E"]
[Black "Tryggestad, Andreas Garberg"]
[Result "0-1"]
[WhiteElo "2241"]
[BlackElo "2380"]
[Annotator "ChessBase"]
[PlyCount "98"]
[EventDate "2020.02.19"]
[EventType "swiss"]
[EventCountry "NOR"]
[SourceTitle "playchess.com"]
[Source "ChessBase"]
[SourceQuality "1"]
[TimeControl "5400+30"]

1. e4 {[%emt 0:01:07]} c5 {[%emt 0:00:00]} 2. Nf3 {[%emt 0:00:11]} e6 {[%emt 0:00:00]} 3. d4 {[%emt 0:00:05]} cxd4 {[%emt 0:00:00]} 4. Nxd4 {[%emt 0:00:06]} Nc6 {[%emt 0:00:50]} 5. Nc3 {[%emt 0:00:09]} Qc7 {[%emt 0:00:05]} 6. g3 {[%emt 0:00:22]} a6 {[%emt 0:00:17]} 7. Bg2 {[%emt 0:00:06]} Nf6 {[%emt 0:01:36]} 8. O-O {[%emt 0:00:17]} Nxd4 {[%emt 0:00:27]} 9. Qxd4 {[%emt 0:00:06]} Bc5 {[%emt 0:00:05]} 10. Bf4 {[%emt 0:00:05]} d6 {[%emt 0:00:03]} 11. Qd2 {[%emt 0:00:05]} h6 {[%emt 0:00:30]} 12. Rad1 {[%emt 0:00:20]} e5 {[%emt 0:00:07]} 13. Be3 {[%emt 0:00:05]} Be6 {[%emt 0:00:05]} 14. Bxc5 {[%emt 0:00:13]} dxc5 {[%emt 0:00:11]} 15. f4 {[%emt 0:00:57]} O-O {[%emt 0:05:25]} 16. Nd5 {[%emt 0:00:09]} Bxd5 {[%emt 0:00:11]} 17. exd5 {[%emt 0:00:01]} Qd6 {[%emt 0:00:16]} 18. fxe5 {[%emt 0:00:09]} Qxe5 {[%emt 0:00:03]} 19. d6 {[%emt 0:00:11]} Qxb2 {[%emt 0:00:04]} 20. d7 {[%emt 0:00:04]} Rad8 {[%emt 0:00:43]} 21. Bh3 {[%emt 0:01:12]} b5 {[%emt 0:03:59]} 22. Rfe1 {[%emt 0:27:31]} Qxa2 {[%emt 0:00:35]} 23. Qd3 {[%emt 0:00:15]} Qa5 {[%emt 0:07:03]} 24. Re7 {[%emt 0:08:57]} c4 {[%emt 0:01:10]} 25. Qd4 {[%emt 0:10:02]} Qc7 {[%emt 0:05:00]} 26. Rf1 {[%emt 0:04:51]} Qc6 {[%emt 0:01:42]} 27. c3 {[%emt 0:07:47]} a5 {[%emt 0:06:51]} 28. Bg2 {[%emt 0:02:40]} Qa6 {[%emt 0:00:01]} 29. g4 {[%emt 0:03:08]} b4 {[%emt 0:02:25]} 30. h4 {[%emt 0:01:27]} b3 {[%emt 0:30:56]} 31. g5 {[%emt 0:01:03]} Rxd7 {[%emt 0:07:05]} 32. Rxd7 {[%emt 0:00:41]} Nxd7 {[%emt 0:00:02]} 33. Qxd7 {[%emt 0:00:11]} Qb6+ {[%emt 0:03:41]} 34. Kh1 {[%emt 0:05:45]} b2 {[%emt 0:00:21]} 35. Be4 {[%emt 0:03:56]} Qe3 {[%emt 0:00:16]} 36. Qd5 {[%emt 0:20:08]} Qh3+ {[%emt 0:05:35]} 37. Kg1 {[%emt 0:00:01]} Qg3+ {[%emt 0:00:06]} 38. Bg2 {[%emt 0:00:05]} Qxh4 {[%emt 0:00:04]} 39. g6 {[%emt 0:00:36]} Qe7 {[%emt 0:06:47]} 40. Qxc4 {[%emt 0:01:43]} Kh8 {[%emt 0:04:25]} 41. gxf7 {[%emt 0:00:15]} Rxf7 {[%emt 0:00:18]} 42. Rd1 {[%emt 0:02:38]} Qe3+ {[%emt 0:00:56]} 43. Kh1 {[%emt 0:00:08]} Rf8 {[%emt 0:00:35]} 44. Qd4 {[%emt 0:00:46]} Qxd4 {[%emt 0:03:07]} 45. cxd4 {[%emt 0:00:06]} Rc8 {[%emt 0:00:01]} 46. Be4 {[%emt 0:00:42]} Rc1 {[%emt 0:00:02]} 47. Rg1 {[%emt 0:00:01]} a4 {[%emt 0:00:01]} 48. Kh2 {[%emt 0:01:30]} a3 {[%emt 0:01:04]} 49. Rg2 {[%emt 0:00:01]} g5 {[%emt 0:00:16]} 0-1

[Event "Kragero Resort A 2020"]
[Site "Kragero"]
[Date "2020.02.21"]
[Round "5.18"]
[White "Salimova, Nurgyul"]
[Black "Vitenberg, Noam Aviv"]
[Result "1-0"]
[WhiteElo "2372"]
[BlackElo "2276"]
[Annotator "ChessBase"]
[PlyCount "57"]
[EventDate "2020.02.19"]
[EventType "swiss"]
[EventCountry "NOR"]
[SourceTitle "playchess.com"]
[Source "ChessBase"]
[SourceQuality "1"]
[TimeControl "5400+30"]

1. Nf3 {[%emt 0:00:00]} d5 {[%emt 0:02:03]} 2. g3 {[%emt 0:00:08]} Nf6 {[%emt 0:02:09]} 3. Bg2 {[%emt 0:00:37]} Bf5 {[%emt 0:00:46]} 4. O-O {[%emt 0:00:33]} e6 {[%emt 0:01:05]} 5. d4 {[%emt 0:02:58]} Be7 {[%emt 0:08:00]} 6. c4 {[%emt 0:06:10]} c6 {[%emt 0:01:56]} 7. b3 {[%emt 0:02:57]} O-O {[%emt 0:06:28]} 8. Bb2 {[%emt 0:02:32]} Nbd7 {[%emt 0:03:19]} 9. Nbd2 {[%emt 0:08:45]} h6 {[%emt 0:06:44]} 10. Qc1 {[%emt 0:00:57]} a5 {[%emt 0:14:54]} 11. Ne5 {[%emt 0:05:57]} a4 {[%emt 0:08:02]} 12. Nxd7 {[%emt 0:04:49]} Qxd7 {[%emt 0:04:25]} 13. Nf3 {[%emt 0:05:54]} b5 {[%emt 0:05:29]} 14. Ne5 {[%emt 0:06:28]} Qb7 {[%emt 0:02:09]} 15. cxd5 {[%emt 0:04:48]} cxd5 {[%emt 0:00:21]} 16. Qe3 {[%emt 0:06:30]} Rfc8 {[%emt 0:02:40]} 17. bxa4 {[%emt 0:04:10]} Rxa4 {[%emt 0:06:41]} 18. Rfc1 {[%emt 0:01:18]} Ne4 {[%emt 0:01:39]} 19. Bxe4 {[%emt 0:07:47]} dxe4 {[%emt 0:09:03]} 20. Rxc8+ {[%emt 0:05:16]} Qxc8 {[%emt 0:00:01]} 21. g4 {[%emt 0:00:17]} Qc2 {[%emt 0:06:22]} 22. Rc1 {[%emt 0:07:30]} Qxb2 {[%emt 0:00:13]} 23. gxf5 {[%emt 0:02:21]} Qxd4 {[%emt 0:04:05]} 24. Rc8+ {[%emt 0:04:11]} Kh7 {[%emt 0:00:33]} 25. Nxf7 {[%emt 0:00:41]} exf5 {[%emt 0:00:59]} 26. Qg3 {[%emt 0:00:06]} Bg5 {[%emt 0:02:07]} 27. Nxg5+ {[%emt 0:00:50]} hxg5 {[%emt 0:00:03]} 28. Qh3+ {[%emt 0:00:43]} Kg6 {[%emt 0:00:04]} 29. Rc6+ {[%emt 0:00:06]} 1-0

[Event "Kragero Resort A 2020"]
[Site "Kragero"]
[Date "2020.02.21"]
[Round "5.19"]
[White "Mikalsen, Erlend"]
[Black "Aarnes, Eirik"]
[Result "1-0"]
[WhiteElo "2364"]
[BlackElo "1884"]
[Annotator "ChessBase"]
[PlyCount "45"]
[EventDate "2020.02.19"]
[EventType "swiss"]
[EventCountry "NOR"]
[SourceTitle "playchess.com"]
[Source "ChessBase"]
[SourceQuality "1"]
[TimeControl "5400+30"]

1. e4 {[%emt 0:00:00]} c5 {[%emt 0:00:02]} 2. Nf3 {[%emt 0:00:00]} d6 {[%emt 0:00:04]} 3. d4 {[%emt 0:00:00]} cxd4 {[%emt 0:00:05]} 4. Nxd4 {[%emt 0:00:00]} Nf6 {[%emt 0:00:06]} 5. Nc3 {[%emt 0:00:00]} a6 {[%emt 0:00:07]} 6. Bc4 {[%emt 0:00:00]} e6 {[%emt 0:00:24]} 7. Bb3 {[%emt 0:00:01]} Nbd7 {[%emt 0:00:54]} 8. f4 {[%emt 0:00:04]} Nc5 {[%emt 0:00:37]} 9. f5 {[%emt 0:00:04]} Be7 {[%emt 0:02:47]} 10. Qf3 {[%emt 0:00:06]} Qc7 {[%emt 0:08:46]} 11. Be3 {[%emt 0:02:49]} b5 {[%emt 0:03:23]} 12. a3 {[%emt 0:02:16]} O-O {[%emt 0:04:53]} 13. O-O {[%emt 0:02:17]} Kh8 {[%emt 0:15:20]} 14. Rae1 {[%emt 0:05:47]} Bb7 {[%emt 0:07:14]} 15. Bg5 {[%emt 0:05:41]} Nfxe4 {[%emt 0:07:49]} 16. Bxe7 {[%emt 0:00:29]} Nxc3 {[%emt 0:00:07]} 17. Qxc3 {[%emt 0:01:05]} Qxe7 {[%emt 0:00:07]} 18. f6 {[%emt 0:00:40]} gxf6 {[%emt 0:02:25]} 19. Nf5 {[%emt 0:00:08]} Rg8 {[%emt 0:03:08]} 20. Nxe7 {[%emt 0:02:50]} Rxg2+ {[%emt 0:00:08]} 21. Kh1 {[%emt 0:00:03]} Nxb3 {[%emt 0:07:20]} 22. Rf3 {[%emt 0:02:07]} Nd4 {[%emt 0:02:36]} 23. Qxd4 {[%emt 0:01:19]} 1-0